000 00793nam a22002417a 4500
003 OSt
005 20181001173158.0
008 141008b xxu||||| |||| 00| 0 eng d
020 _a84-7356-277-1
040 _cBCRI
_aBCRI
082 _a658.04
082 _a658.1
100 1 _aGarcia Moreno, Susana Maria
_935507
245 1 0 _aOrganización y administración de empresas
_b: una visión práctica
_cSusana Maria Garcia Moreno
260 _aMadrid
_bESIC
_c2001
300 _a242 p.
_c24 cm
595 _aTraducción de: Organization and management : a contingency approach
650 2 4 _aOrganización de la empresa
_98517
650 2 4 _93341
_aGestión de empresas
700 1 _935508
_aNajera Sanchez, Juan Jose
700 1 _935509
_aRico Carcia, Maria de Guadalupe
942 _2ddc
_cBK
999 _c21799
_d21799